Logo CIB grande

PRODUCTION OPERATIONS (VOLUME 2) (Registro nro. 235765)

Detalles MARC
000 -LEADER
campo de control de longitud fija 00584nam a2200229Ia 4500
005 - FECHA Y HORA DE LA ÚLTIMA TRANSACCIÓN
campo de control 20250425162744.0
008 - DATOS DE LONGITUD FIJA--INFORMACIÓN GENERAL
campo de control de longitud fija 250425s9999 xx 000 0 und d
020 ## - NÚMERO INTERNACIONAL ESTÁNDAR DEL LIBRO
Número Internacional Estándar del Libro 0930972007
041 ## - CÓDIGO DE IDIOMA
Código de lengua del texto/banda sonora o título independiente eng
082 ## - NÚMERO DE LA CLASIFICACIÓN DECIMAL DEWEY
Número de clasificación 622.3382
010 ## - NÚMERO DE CONTROL DE LA BIBLIOTECA DEL CONGRESO
Número de control de LC 105742
100 ## - ENTRADA PRINCIPAL--NOMBRE DE PERSONA
Nombre de persona ALLEN, THOMAS O.
245 #0 - MENCIÓN DEL TÍTULO
Título PRODUCTION OPERATIONS (VOLUME 2)
250 ## - MENCION DE EDICION
Mención de edición 1ST ED.
260 ## - PUBLICACIÓN, DISTRIBUCIÓN, ETC.
Lugar de publicación, distribución, etc. Estados Unidos
Nombre del editor, distribuidor, etc. OIL & GAS CONSULTANTS INTERNATIONAL
Fecha de publicación, distribución, etc. 1978
260 ## - PUBLICACIÓN, DISTRIBUCIÓN, ETC.
Lugar de publicación, distribución, etc. TULSA
300 ## - DESCRIPCIÓN FÍSICA
Extensión 231
650 ## - PUNTO DE ACCESO ADICIONAL DE MATERIA--TÉRMINO DE MATERIA
Término de materia o nombre geográfico como elemento de entrada PETROLEO-GEOLOGIA
650 ## - PUNTO DE ACCESO ADICIONAL DE MATERIA--TÉRMINO DE MATERIA
Término de materia o nombre geográfico como elemento de entrada SIMULACION DE YACIMIENTOS
700 ## - ENTRADA AGREGADA--NOMBRE PERSONAL
Nombre de persona ROBERTS, ALAN P.
942 ## - ELEMENTOS DE ENTRADA SECUNDARIOS (KOHA)
Tipo de ítem Koha Libros
Existencias
Estatus retirado Estado de pérdida Estado de daño No para préstamo Biblioteca de origen Biblioteca actual Ubicación en estantería Fecha de adquisición Coste, precio normal de compra Total de préstamos Código de barras Copia número Tipo de ítem Koha
        CENTRO DE INFORMACIÓN BIBLIOTECARIA CENTRO DE INFORMACIÓN BIBLIOTECARIA   08/09/2003 0.01   13253 1 Libros

Copyright 2025 ESPOL. Todos los derechos reservados.